| 000 | 00504pab a2200169 454500 | ||
|---|---|---|---|
| 008 | 180718b2009 xxu||||| |||| 00| 0 eng d | ||
| 100 | _aSobel, Richard | ||
| 245 | _aVoter-ID laws discourage participation, particularly among minorities, and trigger a constitutional remedy in lost representation | ||
| 260 | _c2009 | ||
| 300 | _ap.107-10. | ||
| 362 | _aJan | ||
| 650 | _aElections | ||
| 700 | _aSmith, Robert Ellis | ||
| 773 | _aPS: Political Science and Politics | ||
| 908 | _aN | ||
| 909 | _a83597 | ||
| 999 |
_c83597 _d83597 |
||